[Event "Skopje MKD"]
[Site "Skopje MKD"]
[Date "2014.03.30"]
[Round "3.92"]
[White "Megalios, Konstantinos"]
[Black "Silivri, Volkan Resat"]
[Result "1-0"]
[WhiteElo "2192"]
[BlackElo "1670"]
[PlyCount "71"]
[EventDate "2014.03.29"]
[EventType "swiss"]
[EventRounds "9"]

1. e4 d5 2. exd5 Qxd5 3. Nc3 Qa5 4. Bc4 Nf6 5. d3 c6 6. Qe2 Bf5 7. Bd2 Qc7 8.
h3 e6 9. g4 Bg6 10. f4 Be7 11. Nf3 Nbd7 12. O-O-O Nb6 13. Bb3 Nfd5 14. Ne5 Nxc3
15. Bxc3 Nd5 16. Bxd5 cxd5 17. Rde1 O-O-O 18. h4 f6 19. Nxg6 hxg6 20. Qxe6+ Rd7
21. Bd2 Bd6 22. f5 gxf5 23. Qxf5 Be5 24. h5 Kb8 25. d4 Bd6 26. Re6 Qc4 27. Rxd6
Rxd6 28. Bf4 Rhd8 29. Qe6 Qc6 30. Re1 Qd7 31. Qxd7 R8xd7 32. Re6 Kc7 33. Rxd6
Rxd6 34. Kd2 Kd7 35. Bxd6 Kxd6 36. Ke3 1-0

[Event "Skopje MKD"]
[Site "Skopje MKD"]
[Date "2014.03.30"]
[Round "3.94"]
[White "Makoli, Perparim"]
[Black "Injac, Teodora"]
[Result "1/2-1/2"]
[WhiteElo "2242"]
[BlackElo "1871"]
[PlyCount "135"]
[EventDate "2014.03.29"]
[EventType "swiss"]
[EventRounds "9"]

1. e4 e6 2. d4 d5 3. Nd2 c5 4. exd5 exd5 5. Ngf3 Nc6 6. dxc5 Bxc5 7. Nb3 Bb6 8.
Bg5 Nf6 9. Qe2+ Be6 10. O-O-O O-O 11. Nfd4 Re8 12. Qd2 a5 13. a4 h6 14. Bh4 Bd7
15. Nb5 Nb4 16. Bd3 Bxb5 17. Bxb5 Re4 18. Bg3 Rc8 19. c3 Re6 20. Kb1 Ne4 21.
Qf4 Nxc3+ 22. bxc3 Rxc3 23. Nc1 Qe7 24. Rd2 Re4 25. Qd6 Qg5 26. Rhd1 Re6 27.
Qb8+ Kh7 28. Nd3 Rb3+ 29. Rb2 Rxb2+ 30. Nxb2 d4 31. Nd3 Nd5 32. Kb2 Re2+ 33.
Kb3 Nc3 34. Re1 Rxe1 35. Nxe1 Qd2 36. Bd3+ g6 37. Bc2 Qxe1 38. Qxb7 Qe6+ 39.
Kb2 Qa2+ 40. Kc1 Bc5 41. Qb3 Ba3+ 42. Kd2 Ne4+ 43. Ke2 Qxb3 44. Bxb3 Kg8 45.
Bc2 Nc5 46. Bd6 Bb4 47. Bxc5 Bxc5 48. f3 Kf8 49. Bb3 Ke7 50. Bc4 f6 51. Bd3 g5
52. g3 Kd6 53. Kf2 Ba3 54. f4 gxf4 55. gxf4 Kc5 56. Ke2 Kb4 57. Bb5 Kc3 58. h3
f5 59. Bd7 Kb4 60. Kd3 Bc1 61. Kxd4 Bxf4 62. Bxf5 Kxa4 63. Kc3 Be5+ 64. Kc2 Kb4
65. Kb1 a4 66. Ka2 a3 67. Bg4 Bb2 68. Bf5 1/2-1/2

[Event "Skopje MKD"]
[Site "Skopje MKD"]
[Date "2014.03.30"]
[Round "3.95"]
[White "Okuyaz, Duru"]
[Black "Zugaj, Fjodor"]
[Result "0-1"]
[WhiteElo "1678"]
[BlackElo "2194"]
[PlyCount "127"]
[EventDate "2014.03.29"]
[EventType "swiss"]
[EventRounds "9"]

1. e4 e6 2. d3 d5 3. Nd2 c5 4. Ngf3 Nc6 5. g3 g6 6. Bg2 Bg7 7. O-O Nf6 8. c3
O-O 9. Qe2 b6 10. e5 Nd7 11. d4 a5 12. Qd1 Qc7 13. Re1 cxd4 14. cxd4 Nb4 15.
Rb1 Nc2 16. Re2 Ba6 17. Nc4 Nb4 18. Nd6 Bxe2 19. Qxe2 Nxa2 20. Bg5 h6 21. Be3
Kh7 22. Bf1 Nb8 23. Qd2 Nc6 24. h4 Rad8 25. h5 Rxd6 26. exd6 Qxd6 27. Bd3 Nab4
28. Kg2 Nxd3 29. Qxd3 e5 30. dxe5 Nxe5 31. Nxe5 Bxe5 32. Rh1 Bg7 33. g4 d4 34.
Bd2 Qe6 35. f3 Re8 36. Kf2 Rc8 37. g5 Qc4 38. Qe4 d3 39. hxg6+ fxg6 40. gxh6
Qc5+ 41. Kg2 Bxb2 42. Qxd3 Qf5 43. Qxf5 gxf5 44. Kg3 a4 45. Re1 Rc7 46. Re8 Ra7
47. Bb4 a3 48. Bxa3 Bxa3 49. Kf4 Rf7 50. Re6 Bc5 51. Rc6 Bg1 52. Ke5 f4 53. Kd5
Be3 54. Re6 b5 55. Re4 Rb7 56. Rb4 Kxh6 57. Ke4 Kg5 58. Ke5 Kh4 59. Kd5 Kg3 60.
Ke4 Rb8 61. Rb2 b4 62. Rb3 Rb7 63. Kd3 Kxf3 64. Kc2 0-1

[Event "Skopje MKD"]
[Site "Skopje MKD"]
[Date "2014.03.30"]
[Round "3.96"]
[White "Demircioglu, Emre"]
[Black "Manova, Ivana"]
[Result "1-0"]
[WhiteElo "2152"]
[BlackElo "1589"]
[PlyCount "101"]
[EventDate "2014.03.29"]
[EventType "swiss"]
[EventRounds "9"]

1. d4 d5 2. c4 c6 3. Nf3 Nf6 4. Nc3 dxc4 5. a4 Bf5 6. e3 e6 7. Bxc4 Be7 8. O-O
O-O 9. h3 h6 10. Qe2 Ne4 11. Nd2 Nxd2 12. Bxd2 Nd7 13. e4 Bh7 14. Rfd1 Nf6 15.
Bf4 Re8 16. g4 Bb4 17. f3 Qb6 18. Kg2 Rad8 19. a5 Bxa5 20. Na4 Qb4 21. Bd2 Qe7
22. Bxa5 b6 23. Nxb6 axb6 24. Bxb6 Ra8 25. Bc5 Qb7 26. Rac1 Rab8 27. Ba3 h5 28.
g5 Nd7 29. Bd3 Nf8 30. Qe3 Ng6 31. f4 Qc7 32. Rf1 Rb3 33. Rc3 Rbb8 34. Rf2 Kh8
35. Qg3 Qd7 36. Bc5 Ne7 37. Qf3 Ng6 38. Qg3 f6 39. b4 f5 40. e5 Qd5+ 41. Kh2
Ra8 42. Bc4 Qd7 43. Ra3 Reb8 44. Rfa2 Rxa3 45. Rxa3 Ne7 46. Ra7 Rb7 47. Ra8+
Bg8 48. g6 Rxb4 49. Bxb4 Qxd4 50. Qf3 Qb2+ 51. Be2 1-0

[Event "Skopje MKD"]
[Site "Skopje MKD"]
[Date "2014.03.30"]
[Round "3.97"]
[White "Minko, Dmitry"]
[Black "Milutinovic, Stefana"]
[Result "0-1"]
[WhiteElo "1703"]
[BlackElo "2048"]
[PlyCount "44"]
[EventDate "2014.03.29"]
[EventType "swiss"]
[EventRounds "9"]

1. e4 c5 2. Nf3 d6 3. d4 cxd4 4. Nxd4 Nf6 5. Nc3 a6 6. Be3 Nc6 7. f3 Qc7 8. Qd2
Nxd4 9. Bxd4 e5 10. Be3 Be6 11. g4 h6 12. h4 Be7 13. Rh2 b5 14. Bh3 d5 15. exd5
Rd8 16. Qf2 Nxd5 17. Nxd5 Rxd5 18. Bf1 Bb4+ 19. c3 Bxc3+ 20. bxc3 Qxc3+ 21. Ke2
Qxa1 22. f4 Qd1# 0-1

[Event "Skopje MKD"]
[Site "Skopje MKD"]
[Date "2014.03.30"]
[Round "3.99"]
[White "Oltian, Vata"]
[Black "Veljanoski, Andrej"]
[Result "1-0"]
[WhiteElo "2022"]
[BlackElo "1531"]
[PlyCount "85"]
[EventDate "2014.03.29"]
[EventType "swiss"]
[EventRounds "9"]

1. e4 e5 2. Nf3 Nc6 3. d4 exd4 4. Bc4 Nf6 5. O-O d6 6. Nxd4 Nxd4 7. Qxd4 Be7 8.
Nc3 O-O 9. Bg5 h6 10. Bh4 Be6 11. Rad1 Nd7 12. Bxe7 Qxe7 13. Bd5 Rab8 14. Bxe6
fxe6 15. Qxa7 Nc5 16. Qa3 b6 17. Qb4 e5 18. Nd5 Qd7 19. b3 Kh8 20. a4 Qd8 21.
Qc4 Rb7 22. Nc3 Rb8 23. b4 Nd7 24. Nd5 Rc8 25. Qd3 Nf6 26. a5 bxa5 27. bxa5 Nd7
28. a6 Nc5 29. Qc4 Ra8 30. Ra1 Ra7 31. Nb4 Qa8 32. f3 Rb8 33. c3 Rb6 34. Ra2
Nd7 35. Rfa1 Nb8 36. Qe6 Nxa6 37. Qc4 c5 38. Nxa6 Rab7 39. Qd5 Ra7 40. Qxa8+
Rxa8 41. Ra4 Rc8 42. Kf2 Kg8 43. Ke2 1-0

[Event "Skopje MKD"]
[Site "Skopje MKD"]
[Date "2014.03.30"]
[Round "3.100"]
[White "Kralevski, Aleksander"]
[Black "Zhezhov, Emil"]
[Result "1-0"]
[WhiteElo "2162"]
[BlackElo "1746"]
[PlyCount "51"]
[EventDate "2014.03.29"]
[EventType "swiss"]
[EventRounds "9"]

1. e4 e6 2. d4 d5 3. Nc3 Bb4 4. e5 b6 5. Qg4 Bf8 6. h4 Qd7 7. h5 h6 8. Nf3 Ne7
9. a4 a5 10. Nb5 Bb7 11. Bd3 Nbc6 12. c3 O-O-O 13. Qf4 Ng8 14. Bd2 Kb8 15. O-O
f5 16. Nh4 Nge7 17. g4 Bc8 18. gxf5 Na7 19. b4 Nxb5 20. Bxb5 c6 21. Bd3 axb4
22. cxb4 Ka7 23. a5 exf5 24. axb6+ Kb8 25. Qg3 Bb7 26. e6+ 1-0

[Event "Skopje MKD"]
[Site "Skopje MKD"]
[Date "2014.03.30"]
[Round "3.101"]
[White "Gjorshev, Ljupcho"]
[Black "Tevdovski, Zoran"]
[Result "1-0"]
[WhiteElo "2125"]
[BlackElo "1743"]
[PlyCount "129"]
[EventDate "2014.03.29"]
[EventType "swiss"]
[EventRounds "9"]

1. e4 d5 2. exd5 Qxd5 3. Nf3 Nf6 4. Be2 Bf5 5. O-O e6 6. d3 h6 7. c4 Qd6 8. Qb3
Qb6 9. Nc3 c6 10. Be3 Qc7 11. h3 Nbd7 12. d4 Be7 13. Rac1 g5 14. Ne5 Nxe5 15.
dxe5 Nd7 16. f4 Nc5 17. Qd1 gxf4 18. Bxf4 Nd7 19. Bd3 Bxd3 20. Qxd3 O-O-O 21.
Qe2 Rdg8 22. Rc2 Rg7 23. Kh1 Nf8 24. Qe4 a6 25. a3 Ng6 26. Bg3 Rhg8 27. b4 Nf8
28. Bh2 Ng6 29. Rff2 Nh4 30. Qe3 Nf5 31. Qa7 Bh4 32. Rfe2 Rd8 33. Red2 Qb8 34.
Qxb8+ Kxb8 35. Rxd8+ Bxd8 36. Ne4 b6 37. Rc3 Be7 38. Rd3 Kc7 39. g4 Nh4 40. Nd6
Bxd6 41. exd6+ Kd7 42. c5 b5 43. a4 Rg5 44. axb5 axb5 45. Bf4 Rd5 46. Rxd5 cxd5
47. Bxh6 d4 48. Kg1 e5 49. Kf2 e4 50. Bg7 d3 51. Bc3 Ke6 52. Ke3 Nf3 53. h4
Nxh4 54. Kxe4 Ng6 55. Kxd3 Nf4+ 56. Ke4 Nd5 57. Bd2 Nf6+ 58. Kf3 Nd5 59. g5 f6
60. g6 f5 61. g7 Nf6 62. Bc3 Ng8 63. Kf4 Nh6 64. Kg5 Ng8 65. Ba1 1-0

[Event "Skopje MKD"]
[Site "Skopje MKD"]
[Date "2014.03.30"]
[Round "3.102"]
[White "Kollari, Suleyman"]
[Black "Gaberov, Toshe"]
[Result "1-0"]
[WhiteElo "2104"]
[BlackElo "1731"]
[PlyCount "56"]
[EventDate "2014.03.29"]
[EventType "swiss"]
[EventRounds "9"]

1. e4 d5 2. exd5 Qxd5 3. Nc3 Qa5 4. d4 Nf6 5. Nf3 Bg4 6. h3 Bh5 7. Be2 Nc6 8.
g4 Bg6 9. Bd2 O-O-O 10. Nb5 Qb6 11. c4 e6 12. c5 Bxc5 13. dxc5 Qxc5 14. Rc1 Qb6
15. Qa4 Nd5 16. O-O f6 17. Nbd4 Be8 18. Nxc6 Bxc6 19. Qa5 Qxa5 20. Bxa5 Nf4 21.
Bd1 Rxd1 22. Rfxd1 Bxf3 23. Rxc7+ Kb8 24. Rdd7 h5 25. Rxg7 hxg4 26. Rh7 Rg8 27.
Rcg7 Rc8 28. Bc7+ Ka8 1-0

[Event "Skopje MKD"]
[Site "Skopje MKD"]
[Date "2014.03.30"]
[Round "3.103"]
[White "Nikolov, Kole"]
[Black "Arizanov, Tome"]
[Result "0-1"]
[WhiteElo "1718"]
[BlackElo "2078"]
[PlyCount "78"]
[EventDate "2014.03.29"]
[EventType "swiss"]
[EventRounds "9"]

1. e4 g6 2. d3 Bg7 3. c3 d6 4. Be2 Nf6 5. f4 O-O 6. Nf3 c5 7. O-O Na6 8. Na3
Nc7 9. Nc2 b5 10. Qe1 a5 11. Bd2 b4 12. Kh1 Rb8 13. Rb1 Bd7 14. b3 Kh8 15. c4
Ra8 16. e5 Ng8 17. Ng5 f6 18. exd6 exd6 19. Ne4 Bc6 20. Bf3 Qd7 21. Qh4 Nh6 22.
g4 f5 23. gxf5 Nxf5 24. Qh3 Ne6 25. Rbd1 a4 26. Bg4 axb3 27. axb3 Ra2 28. Rc1
Rb2 29. Bf3 Rxb3 30. Ne1 Rb2 31. Rd1 Ra2 32. Bg2 Ned4 33. Ng5 Bxg2+ 34. Nxg2
Bf6 35. Nh4 Qc6+ 36. Ng2 Nb3 37. Be3 Rxg2 38. Qxg2 Qxg2+ 39. Kxg2 Nxe3+ 0-1

[Event "Skopje MKD"]
[Site "Skopje MKD"]
[Date "2014.03.30"]
[Round "3.104"]
[White "Mattes, Heinz"]
[Black "Petrovic, Lazar"]
[Result "1-0"]
[WhiteElo "2043"]
[BlackElo "1707"]
[PlyCount "55"]
[EventDate "2014.03.29"]
[EventType "swiss"]
[EventRounds "9"]

1. d4 d5 2. Nf3 Nf6 3. e3 Bf5 4. c4 Bxb1 5. Rxb1 e6 6. c5 c6 7. Bd3 g6 8. O-O
Bg7 9. b4 b6 10. cxb6 axb6 11. Qc2 O-O 12. Bd2 b5 13. Rfc1 Qc7 14. Bxb5 Rc8 15.
a4 Ra7 16. Bd3 Nbd7 17. a5 Bf8 18. h3 e5 19. dxe5 Nxe5 20. Nxe5 Qxe5 21. b5 c5
22. b6 Rd7 23. a6 Qb8 24. Bc3 Ne8 25. Qa4 Rcd8 26. a7 Qa8 27. Bb5 Re7 28. Bc6
1-0

[Event "Skopje MKD"]
[Site "Skopje MKD"]
[Date "2014.03.30"]
[Round "3.105"]
[White "Becker, Carsten"]
[Black "Lakinska, Simona"]
[Result "1-0"]
[WhiteElo "1986"]
[BlackElo "1642"]
[PlyCount "59"]
[EventDate "2014.03.29"]
[EventType "swiss"]
[EventRounds "9"]

1. d4 Nf6 2. c4 c5 3. d5 b5 4. cxb5 a6 5. b6 d6 6. Nc3 Qxb6 7. e4 g6 8. Be2 Bg7
9. Nf3 Nbd7 10. Nd2 O-O 11. a4 Ne8 12. a5 Qb7 13. O-O Nc7 14. Nc4 Rb8 15. Bg5
Re8 16. f4 Qb3 17. Qd2 Qb7 18. Bd3 Nf8 19. Rae1 Bd7 20. e5 dxe5 21. fxe5 h6 22.
Bxh6 Bxh6 23. Qxh6 Nxd5 24. Be4 Bc6 25. Rf3 f5 26. Rh3 Kf7 27. e6+ Nxe6 28.
Bxd5 Bxd5 29. Ne5+ Kf6 30. Qxg6# 1-0

[Event "Skopje MKD"]
[Site "Skopje MKD"]
[Date "2014.03.30"]
[Round "3.106"]
[White "Jorgensen, Line Jin"]
[Black "Grabcheva, Natalia"]
[Result "1-0"]
[WhiteElo "1923"]
[BlackElo "1566"]
[PlyCount "83"]
[EventDate "2014.03.29"]
[EventType "swiss"]
[EventRounds "9"]

1. d4 Nf6 2. c4 b6 3. Nc3 Bb7 4. Nf3 e6 5. a3 g6 6. Bg5 Bg7 7. e3 d6 8. Bd3
Nbd7 9. b4 O-O 10. O-O Qc8 11. Qc2 a6 12. h3 c5 13. Rac1 d5 14. cxd5 c4 15.
dxe6 fxe6 16. Be2 b5 17. Bxf6 Nxf6 18. Ne5 Nd7 19. f4 Nf6 20. Bf3 Nd7 21. Ne4
Nxe5 22. dxe5 Bxe4 23. Bxe4 Rb8 24. Rfd1 Qc7 25. Kh1 Rbd8 26. Kh2 Rxd1 27. Rxd1
Rd8 28. a4 Rxd1 29. Qxd1 Bxe5 30. axb5 axb5 31. Qg4 Bd6 32. Qxe6+ Kf8 33. Qf6+
Ke8 34. Kg3 c3 35. Kf3 Kd7 36. Qf7+ Be7 37. Qd5+ Bd6 38. Qxb5+ Ke7 39. Qg5+ Ke8
40. Qb5+ Ke7 41. Qg5+ Kd7 42. Qd5 1-0

[Event "Skopje MKD"]
[Site "Skopje MKD"]
[Date "2014.03.30"]
[Round "3.107"]
[White "Georgieva, Emilia"]
[Black "Kosteski, Mile"]
[Result "1/2-1/2"]
[WhiteElo "1921"]
[BlackElo "1452"]
[PlyCount "70"]
[EventDate "2014.03.29"]
[EventType "swiss"]
[EventRounds "9"]

1. d4 d5 2. Nf3 Nf6 3. Bg5 c6 4. c3 Bf5 5. e3 Nbd7 6. Nbd2 e6 7. Be2 Be7 8. O-O
O-O 9. b4 h6 10. Bf4 Ne4 11. Nxe4 Bxe4 12. Bd3 Bxd3 13. Qxd3 Re8 14. a3 Nf6 15.
Ne5 Nd7 16. h3 Nxe5 17. Bxe5 Bd6 18. Bxd6 Qxd6 19. f4 f5 20. Kh1 Rf8 21. Rg1 h5
22. Ra2 Rf7 23. g3 Qe7 24. Rh2 g6 25. g4 hxg4 26. hxg4 Kg7 27. Qe2 Rff8 28.
Rgg2 Rh8 29. g5 a6 30. a4 b5 31. Qa2 Qb7 32. a5 Rag8 33. Qf2 Qc8 34. Kg1 Rxh2
35. Rxh2 Rh8 1/2-1/2

[Event "Skopje MKD"]
[Site "Skopje MKD"]
[Date "2014.03.30"]
[Round "3.108"]
[White "Serefidou, Despina"]
[Black "Arda, Doga Su"]
[Result "1-0"]
[WhiteElo "1916"]
[BlackElo "1367"]
[PlyCount "69"]
[EventDate "2014.03.29"]
[EventType "swiss"]
[EventRounds "9"]

1. e4 e5 2. Nf3 Nc6 3. d4 exd4 4. Nxd4 Bc5 5. Be3 Qf6 6. c3 Nge7 7. Bc4 d6 8.
O-O Bb6 9. Nb5 O-O 10. Bxb6 cxb6 11. Qxd6 Qh4 12. f3 Rd8 13. Qg3 Qh5 14. N1a3
Na5 15. Be2 Nac6 16. Rad1 Be6 17. Nc7 Rac8 18. Nxe6 fxe6 19. Bc4 Qh6 20. f4 Na5
21. Be2 Ng6 22. f5 exf5 23. exf5 Rxd1 24. Bxd1 Nh4 25. f6 Rf8 26. b4 Nc6 27.
Bb3+ Kh8 28. fxg7+ Qxg7 29. Rxf8+ Qxf8 30. Qxh4 Qg7 31. Qg3 Qxg3 32. hxg3 Kg7
33. Kf2 a6 34. Nc4 b5 35. Nd6 1-0

[Event "Skopje MKD"]
[Site "Skopje MKD"]
[Date "2014.03.31"]
[Round "4.2"]
[White "Delchev, Aleksander"]
[Black "Bok, Benjamin"]
[Result "0-1"]
[WhiteElo "2638"]
[BlackElo "2575"]
[PlyCount "129"]
[EventDate "2014.03.29"]
[EventType "swiss"]
[EventRounds "9"]

1. Nf3 Nf6 2. c4 c5 3. g3 d5 4. Bg2 Nc6 5. cxd5 Nxd5 6. d4 cxd4 7. Nxd4 Ndb4 8.
Nxc6 Qxd1+ 9. Kxd1 Nxc6 10. Nc3 Bd7 11. Be3 g6 12. Rc1 Bg7 13. Kc2 O-O 14. Rhd1
Bf5+ 15. Be4 Bxc3 16. Bxf5 gxf5 17. Kxc3 Rac8 18. b3 Rfd8 19. Kb2 Kf8 20. h3 h5
21. a4 Rxd1 22. Rxd1 Ke8 23. Rc1 Kd7 24. Rc4 a5 25. Bb6 e6 26. Rh4 Ra8 27. Rxh5
Nb4 28. Bc5 Nd5 29. Rh7 Kc6 30. Bd4 f6 31. Rh6 Rf8 32. f3 e5 33. Bxe5 Kc5 34.
Bc3 Re8 35. e4 fxe4 36. fxe4 Rxe4 37. Rh5 Re2+ 38. Ka3 b6 39. Bxf6 Kc6 40. Rh6
Kb7 41. Bd4 Rd2 42. Rh7+ Kc6 43. Be5 Re2 44. Rh6+ Kb7 45. Bd4 Rd2 46. Rh7+ Kc6
47. Be5 Re2 48. Bb2 Rg2 49. Rh6+ Kb7 50. Rd6 Nb4 51. Rd1 Rxg3 52. Rh1 Rg2 53.
h4 Nd3 54. Bc3 Rc2 55. h5 Rxc3 56. Rh3 b5 57. axb5 a4 58. Rh1 axb3 59. Rb1 b2+
60. Ka2 Kb6 61. h6 Rc7 62. Kb3 Kxb5 63. h7 Rxh7 64. Kc3 Ka4 65. Kd4 0-1

[Event "Skopje MKD"]
[Site "Skopje MKD"]
[Date "2014.03.31"]
[Round "4.4"]
[White "Predojevic, Borki"]
[Black "Damljanovic, Branko"]
[Result "1/2-1/2"]
[WhiteElo "2607"]
[BlackElo "2566"]
[PlyCount "27"]
[EventDate "2014.03.29"]
[EventType "swiss"]
[EventRounds "9"]

1. e4 c5 2. Nf3 Nc6 3. Bb5 e6 4. O-O Nge7 5. d4 cxd4 6. Nxd4 Nxd4 7. Qxd4 a6 8.
Be2 Nc6 9. Qc3 h5 10. Bf4 b5 11. Nd2 Bb7 12. a4 b4 13. Qg3 h4 14. Qg4 1/2-1/2

[Event "Skopje MKD"]
[Site "Skopje MKD"]
[Date "2014.03.31"]
[Round "4.5"]
[White "Kuljasevic, Davorin"]
[Black "Salgado Lopez, Ivan"]
[Result "0-1"]
[WhiteElo "2567"]
[BlackElo "2605"]
[PlyCount "94"]
[EventDate "2014.03.29"]
[EventType "swiss"]
[EventRounds "9"]

1. d4 Nf6 2. c4 g6 3. Nc3 d5 4. cxd5 Nxd5 5. e4 Nxc3 6. bxc3 Bg7 7. Qa4+ Qd7 8.
Qa3 b6 9. Nf3 Bb7 10. Bd3 O-O 11. O-O c5 12. Bg5 h6 13. Be3 e5 14. d5 f5 15. c4
Qd6 16. Bd2 Nd7 17. Bc3 f4 18. Qb2 Rf7 19. Bc2 Re7 20. Ba4 Nf8 21. g3 g5 22.
gxf4 exf4 23. Bxg7 Rxg7 24. Qe5 Qd8 25. Bc6 Qc8 26. Qf5 Bxc6 27. dxc6 Qxc6 28.
Qd5+ Qxd5 29. exd5 Re8 30. a4 a5 31. Rfe1 Rge7 32. Rxe7 Rxe7 33. Kf1 Nd7 34. h3
Kf7 35. Ra3 Kf6 36. Nd2 Kf5 37. Rb3 h5 38. f3 Re3 39. Kf2 Rxb3 40. Nxb3 Ne5 41.
Nd2 Nd3+ 42. Kf1 Nb2 43. Ke2 Ke5 44. Ke1 Nxa4 45. Nb1 b5 46. cxb5 Kxd5 47. Kd2
c4 0-1

[Event "Skopje MKD"]
[Site "Skopje MKD"]
[Date "2014.03.31"]
[Round "4.6"]
[White "Anton Guijarro, David"]
[Black "Jumabayev, Rinat"]
[Result "1-0"]
[WhiteElo "2559"]
[BlackElo "2580"]
[PlyCount "61"]
[EventDate "2014.03.29"]
[EventType "swiss"]
[EventRounds "9"]

1. e4 c5 2. Nf3 e6 3. c3 d5 4. e5 d4 5. Na3 Nc6 6. Bd3 Nge7 7. O-O Ng6 8. Re1
Be7 9. Nc4 b5 10. Be4 Bb7 11. Qb3 a6 12. a4 b4 13. cxb4 cxb4 14. a5 O-O 15. d3
Bc5 16. Qd1 Qe8 17. Nfd2 Rd8 18. Qh5 Qd7 19. Nf3 Nce7 20. Bxb7 Qxb7 21. Ng5 h6
22. Ne4 Rd5 23. Bxh6 Nf5 24. Bg5 Be7 25. f4 Rfd8 26. b3 Ne3 27. Rec1 Nf5 28.
Ra2 Rc8 29. Rac2 Bxg5 30. Qxg5 Rdd8 31. Ncd6 1-0

[Event "Skopje MKD"]
[Site "Skopje MKD"]
[Date "2014.03.31"]
[Round "4.7"]
[White "Iturrizaga Bonelli, Eduardo"]
[Black "Donchenko, Alexander"]
[Result "1/2-1/2"]
[WhiteElo "2645"]
[BlackElo "2463"]
[PlyCount "55"]
[EventDate "2014.03.29"]
[EventType "swiss"]
[EventRounds "9"]

1. Nf3 c5 2. c4 Nf6 3. g3 d5 4. Bg2 Nc6 5. d4 dxc4 6. Qa4 cxd4 7. O-O Qd7 8.
Na3 a6 9. Rd1 e5 10. Nxc4 Bc5 11. Na5 Nb4 12. Qxd7+ Nxd7 13. Ne1 Rb8 14. a3 Nc6
15. Nxc6 bxc6 16. b4 Bb6 17. Bxc6 Bb7 18. Bxb7 Rxb7 19. e3 Ke7 20. exd4 Bxd4
21. Ra2 Rc8 22. Nc2 Bb6 23. Ne3 Bxe3 24. Bxe3 Rc3 25. Rd5 Rb5 26. Rd1 Rb7 27.
Rd5 Rb5 28. Rd1 1/2-1/2

[Event "Skopje MKD"]
[Site "Skopje MKD"]
[Date "2014.03.31"]
[Round "4.8"]
[White "Colovic, Aleksandar"]
[Black "Berkes, Ferenc"]
[Result "1/2-1/2"]
[WhiteElo "2493"]
[BlackElo "2687"]
[PlyCount "46"]
[EventDate "2014.03.29"]
[EventType "swiss"]
[EventRounds "9"]

1. e4 c6 2. d4 d5 3. e5 Bf5 4. Be3 e6 5. Nd2 Nd7 6. Ngf3 Bg6 7. Be2 h6 8. O-O
Ne7 9. Nh4 Bh7 10. f4 c5 11. c4 dxc4 12. f5 Nxf5 13. Nxf5 Bxf5 14. Nxc4 cxd4
15. Qxd4 Bc5 16. Nd6+ Kf8 17. Qd2 Bxe3+ 18. Qxe3 Qb6 19. Qxb6 axb6 20. Nxf5
exf5 21. Rxf5 g6 22. Rf4 Kg7 23. e6 fxe6 1/2-1/2

[Event "Skopje MKD"]
[Site "Skopje MKD"]
[Date "2014.03.31"]
[Round "4.9"]
[White "Georgescu, Tiberiu"]
[Black "Romanov, Evgeny"]
[Result "1/2-1/2"]
[WhiteElo "2468"]
[BlackElo "2636"]
[PlyCount "48"]
[EventDate "2014.03.29"]
[EventType "swiss"]
[EventRounds "9"]

1. d4 d5 2. c4 c6 3. Nf3 Nf6 4. Nbd2 Bf5 5. Nh4 Bg6 6. Qb3 Qc7 7. Nxg6 hxg6 8.
g3 e6 9. Bg2 a5 10. O-O Be7 11. e4 dxe4 12. Nxe4 Nxe4 13. Bxe4 Nd7 14. Bf4 Qb6
15. Rfd1 a4 16. Qxb6 Nxb6 17. Rac1 O-O 18. d5 exd5 19. cxd5 Nxd5 20. Bxd5 cxd5
21. Rxd5 a3 22. bxa3 Rxa3 23. Rd7 Bf6 24. Rc2 b5 1/2-1/2

[Event "Skopje MKD"]
[Site "Skopje MKD"]
[Date "2014.03.31"]
[Round "4.10"]
[White "Rozentalis, Eduardas"]
[Black "Arsovic, Zoran"]
[Result "1-0"]
[WhiteElo "2623"]
[BlackElo "2450"]
[PlyCount "60"]
[EventDate "2014.03.29"]
[EventType "swiss"]
[EventRounds "9"]

1. e4 c5 2. Nf3 e6 3. Nc3 d6 4. Bb5+ Bd7 5. Bxd7+ Qxd7 6. O-O Nc6 7. a3 Nf6 8.
Re1 Be7 9. Rb1 Ng4 10. b4 Nge5 11. Nxe5 dxe5 12. Qg4 g6 13. bxc5 Bxc5 14. d3 h5
15. Qh4 Be7 16. Bg5 b6 17. a4 Bxg5 18. Qxg5 O-O 19. Ne2 Kg7 20. f4 Qd8 21. Qg3
exf4 22. Nxf4 h4 23. Qf2 Qd4 24. Re3 Rad8 25. Rf1 Qc5 26. Kh1 Nb4 27. c3 Qxc3
28. Qxh4 Qe5 29. Rg3 Rh8 30. Nxg6 Qxg3 1-0

[Event "Skopje MKD"]
[Site "Skopje MKD"]
[Date "2014.03.31"]
[Round "4.11"]
[White "Markus, Robert"]
[Black "Antic, Dejan"]
[Result "1-0"]
[WhiteElo "2608"]
[BlackElo "2462"]
[PlyCount "77"]
[EventDate "2014.03.29"]
[EventType "swiss"]
[EventRounds "9"]

1. d4 e6 2. Nf3 c5 3. g3 cxd4 4. Nxd4 d5 5. Bg2 Nf6 6. O-O e5 7. Nb3 Be6 8. Bg5
Nbd7 9. Nc3 h6 10. Bxf6 Nxf6 11. Qd3 Qd7 12. Rad1 e4 13. Qd4 Be7 14. f3 exf3
15. exf3 O-O 16. Ne2 Rfc8 17. Qd2 a5 18. Nbd4 Bc5 19. Kh1 b5 20. Nxe6 fxe6 21.
Bh3 Re8 22. Nf4 g5 23. Qc3 gxf4 24. Qxf6 Qf7 25. Qxh6 fxg3 26. hxg3 Bf8 27.
Qg5+ Bg7 28. f4 Ra6 29. Rde1 Rc6 30. Re2 Qf6 31. Qh5 Re7 32. Rfe1 Kf8 33. c3 b4
34. cxb4 axb4 35. Kg2 Qf7 36. Qg4 d4 37. Qf3 Rd6 38. Bg4 d3 39. Bh5 1-0

[Event "Skopje MKD"]
[Site "Skopje MKD"]
[Date "2014.03.31"]
[Round "4.12"]
[White "Vovk, Andrey"]
[Black "Smirnov, Artem"]
[Result "1/2-1/2"]
[WhiteElo "2605"]
[BlackElo "2445"]
[PlyCount "28"]
[EventDate "2014.03.29"]
[EventType "swiss"]
[EventRounds "9"]

1. e4 c5 2. Nf3 d6 3. d4 cxd4 4. Nxd4 Nf6 5. Nc3 Bd7 6. Bg5 e6 7. Ndb5 Nc6 8.
Bxf6 gxf6 9. Qh5 a6 10. Nd4 Qb6 11. O-O-O Qc5 12. Qxc5 dxc5 13. Nxc6 Bxc6 14.
g3 c4 1/2-1/2

[Event "Skopje MKD"]
[Site "Skopje MKD"]
[Date "2014.03.31"]
[Round "4.13"]
[White "Grandelius, Nils"]
[Black "Jacimovic, Dragoljub"]
[Result "1-0"]
[WhiteElo "2600"]
[BlackElo "2422"]
[PlyCount "93"]
[EventDate "2014.03.29"]
[EventType "swiss"]
[EventRounds "9"]

1. d4 Nf6 2. c4 d6 3. Nc3 g6 4. e4 Bg7 5. Nf3 O-O 6. Be2 Bg4 7. Be3 Nbd7 8. d5
c5 9. O-O Nb8 10. Qb3 a5 11. a4 Na6 12. h3 Bxf3 13. Bxf3 Nb4 14. Rad1 Nd7 15.
Nb5 f5 16. g3 Kh8 17. Bg2 Rc8 18. Rfe1 Ne5 19. f4 Nd7 20. Bf2 Rf7 21. Rd2 fxe4
22. Rxe4 g5 23. fxg5 Ne5 24. Rf4 Qd7 25. Rxf7 Nxf7 26. Qe3 Ne5 27. Qe4 Rf8 28.
b3 Qf5 29. Qxf5 Rxf5 30. Re2 Rxg5 31. Nc7 Bf6 32. Ne6 Rg8 33. Be4 Nf7 34. Kg2
b6 35. Be3 Ng5 36. Bxg5 Bxg5 37. Rf2 Bf6 38. Rf5 h6 39. Rh5 Bg7 40. g4 Na2 41.
g5 Nc1 42. Nf4 Bf8 43. Ng6+ Kg7 44. gxh6+ Kf7 45. Kf2 Rxg6 46. Bxg6+ Kxg6 47.
h7 1-0

[Event "Skopje MKD"]
[Site "Skopje MKD"]
[Date "2014.03.31"]
[Round "4.14"]
[White "Nevednichy, Vladislav"]
[Black "Kanmazalp, Ogulcan"]
[Result "1/2-1/2"]
[WhiteElo "2591"]
[BlackElo "2416"]
[PlyCount "96"]
[EventDate "2014.03.29"]
[EventType "swiss"]
[EventRounds "9"]

1. e4 c5 2. Nf3 e6 3. d4 cxd4 4. Nxd4 Nf6 5. Nc3 Nc6 6. a3 Be7 7. Be2 O-O 8.
Be3 d5 9. exd5 Nxd5 10. Nxd5 Qxd5 11. Bf3 Qa5+ 12. b4 Qc7 13. Nxc6 bxc6 14. c4
Bb7 15. O-O c5 16. Bxb7 Qxb7 17. b5 Qe4 18. Qb3 Rfd8 19. Rad1 h5 20. a4 Rxd1
21. Rxd1 Rd8 22. Rxd8+ Bxd8 23. f3 Qe5 24. g3 h4 25. Kg2 Qf5 26. gxh4 Qg6+ 27.
Kh1 Qh5 28. Qd1 Bc7 29. Bf2 Qf5 30. Kg2 Qe5 31. Bg3 Qb2+ 32. Kh3 Bxg3 33. hxg3
Qc3 34. Qe2 Qa3 35. Qe4 Qxa4 36. Qa8+ Kh7 37. b6 Qxc4 38. bxa7 f5 39. f4 Qa6
40. h5 Qa1 41. Qc6 Qd1 42. a8=Q Qxh5+ 43. Kg2 Qe2+ 44. Kg1 Qd1+ 45. Kh2 Qh5+
46. Kg2 Qe2+ 47. Kg1 Qd1+ 48. Kg2 Qe2+ 1/2-1/2